<?xml version="1.0" encoding="UTF-8"?>
<record
    xmlns:xsi="http://www.w3.org/2001/XMLSchema-instance"
    xsi:schemaLocation="http://www.loc.gov/MARC21/slim http://www.loc.gov/standards/marcxml/schema/MARC21slim.xsd"
    xmlns="http://www.loc.gov/MARC21/slim">

  <leader>01034cam a22002171  4500</leader>
  <controlfield tag="001">e  12001464 </controlfield>
  <controlfield tag="003">DLC</controlfield>
  <controlfield tag="005">20260227111158.0</controlfield>
  <controlfield tag="008">811121s1911    xx a          000 0 fre  </controlfield>
  <datafield tag="010" ind1=" " ind2=" ">
    <subfield code="a">e  12001464 </subfield>
  </datafield>
  <datafield tag="035" ind1=" " ind2=" ">
    <subfield code="a">(OCoLC)14785430</subfield>
  </datafield>
  <datafield tag="040" ind1=" " ind2=" ">
    <subfield code="a">DLC</subfield>
    <subfield code="c">DNLM</subfield>
    <subfield code="d">DLC</subfield>
  </datafield>
  <datafield tag="042" ind1=" " ind2=" ">
    <subfield code="a">premarc</subfield>
  </datafield>
  <datafield tag="050" ind1="0" ind2="0">
    <subfield code="a">PG499</subfield>
    <subfield code="b">.L9</subfield>
  </datafield>
  <datafield tag="060" ind1="0" ind2=" ">
    <subfield code="a">WS 200</subfield>
    <subfield code="b">L987r 1911</subfield>
  </datafield>
  <datafield tag="100" ind1="1" ind2=" ">
    <subfield code="a">Lynch, Ricardo,</subfield>
    <subfield code="d">1871-</subfield>
  </datafield>
  <datafield tag="245" ind1="1" ind2="0">
    <subfield code="a">Rapport pr&#xE9;sent&#xE9; au Dr. Jos&#xE9; Mar&#xED;a Ramos Mej&#xED;a,</subfield>
    <subfield code="b">pr&#xE9;sident du Conseil national d'&#xE9;ducation de Buenos Aires</subfield>
    <subfield code="c">par le Dr. Ricardo Lynch, &#xE0; l'occasion d'exp&#xE9;riences faites dans les &#xE9;coles Nicol&#xE1;s Avellaneda et On&#xE9;simo Leguizam&#xF3;n, sur un groupe de 35 enfants d&#xE9;biles, maladifs, chlorotiques, nerveux, apathiques, m&#xE9;lancoliques, peu intelligents et arri&#xE9;r&#xE9;s en enseignement, &#xE0; l'effet de les am&#xE9;liorer et de renforcer leur &#xE9;tat psychique et somatique ...</subfield>
  </datafield>
  <datafield tag="260" ind1=" " ind2=" ">
    <subfield code="a">Buenos Aires,</subfield>
    <subfield code="c">1911.</subfield>
  </datafield>
  <datafield tag="300" ind1=" " ind2=" ">
    <subfield code="a">1 p. l., iv, 293 p.</subfield>
    <subfield code="b">ill.</subfield>
  </datafield>
  <datafield tag="710" ind1="1" ind2=" ">
    <subfield code="a">Buenos Aires (Argentina).</subfield>
    <subfield code="b">Consejo nacional de educaci&#xF3;n.</subfield>
  </datafield>
  <datafield tag="999" ind1=" " ind2=" ">
    <subfield code="c">19412</subfield>
    <subfield code="d">19412</subfield>
  </datafield>
</record>
